000
00291nam a22001337a 4500
003
SGT
020
_a
9780195678574
082
_b
DRE
100
_a
DREZE, JEAN
245
_a
INDIA DEVELOPMENT AND PARTICIPATION
260
_b
OXFORD UNIVERSITY PRESS
_c
2005
300
_a
512
942
_2
ddc
_c
BK
999
_c
16331
_d
16331